Les constitutions modernes : Europe : Albanie à Grèce /

Estudio sobre las constituciones modernas de Europa. En este volumen: Francia, Alemania, Andorra, Austria, Belgica, Bulgaria, Dinamarca, Islandia, Dantzig, España, Estonia, Finlandia, Gran Bretaña, y Grecia.

-д хадгалсан:
Номзүйн дэлгэрэнгүй
Формат: Ном
Хэл сонгох:франц
Хэвлэсэн: París, Francia : Recueil Sirey, 1928
Хэвлэл:4a edición
Нөхцлүүд:
Шошгууд: Шошго нэмэх
Шошго байхгүй, Энэхүү баримтыг шошголох эхний хүн болох!

MARC

LEADER 00000nam^a2200000^a^4500
001 000000807
005 20250521000000.0
009 20260310083040.631
037 |a Acervo ITESO - Biblioteca 
041 |a FRA 
082 |a 342. 02  |b CON V. 1 
240 1 1 |a [Constitución] 
245 1 4 |a Les constitutions modernes :  |b Europe : Albanie à Grèce /  |c Tr. por F.R. Dareste, P. Dareste. 
250 |a 4a edición  |b revisada y aumentada 
264 1 |a París, Francia :  |b Recueil Sirey,  |c 1928 
300 |a 670 p. 
336 |a texto  |b txt  |2 rdacontenido 
337 |a sin mediación  |b n  |2 rdamedio 
338 |a volumen  |b nc  |2 rdasoporte 
520 |a Estudio sobre las constituciones modernas de Europa. En este volumen: Francia, Alemania, Andorra, Austria, Belgica, Bulgaria, Dinamarca, Islandia, Dantzig, España, Estonia, Finlandia, Gran Bretaña, y Grecia. 
649 |a XX 
650 |a Derecho Público 
650 |a Derecho Constitucional -  |z Europa 
650 |a Derecho Constitucional -  |z Europa 
910 |a Fondo General 
920 |a Impresos - Libros 
930 |a Colección General 
905 |a 101 
901 |a 0008070100  |b IT1  |c ACC  |i 000807  |u 20250521 
902 |a https://opac.biblio.iteso.mx/vufind/Record/000000807